Ballon d'Or 1991 - Statistiken

Allgemein
  • Dieses Quiz wurde 31 mal gespielt
  • Das Durchschnittsergebnis liegt bei 10 aus 31
Antwortstatistiken
Platz Spieler Verein/e Nation Punkte % Korrekt
2. Lothar Matthäus Inter Mailand Deutschland 42
100%
19. Marco van Basten AC Mailand Niederlande 2
77%
12. Rudi Völler AS Rom Deutschland 5
77%
21. Gheorghe Hagi Real Madrid Rumänien 1
73%
13. Hristo Stoichkov FC Barcelona Bulgarien 3
70%
11. Michael Laudrup FC Barcelona Dänemark 7
63%
13. Stéphane Chapuisat Bayer Uerdingen/Borussia Dortmund Schweiz 3
63%
1. Jean-Pierre Papin Olympique Marseille Frankreich 141
60%
21. Ruud Gullit AC Mailand Niederlande 1
60%
6. Gary Lineker Tottenham Hotspur England 33
53%
21. Guido Buchwald VfB Stuttgart Deutschland 1
53%
21. Thomas Doll Hamburger SV/Lazio Rom Deutschland 1
40%
7. Gialuca Vialli Sampdoria Genua Italien 18
33%
21. Stefan Effenberg FC Bayern München Deutschland 1
30%
5. Robert Prosinecki Roter Stern Belgrad/Real Madrid Jugoslawien 34
27%
21. Lauret Blanc HSC Montpellier/SSC Neapel Frankreich 1
23%
2. Dejan Savicevic Roter Stern Belgrad Jugoslawien 42
20%
19. Roberto Mancini Sampdoria Genua Italien 2
17%
10. Chris Waddle Olympique Marseille England 11
10%
21. Gianluca Pagliuca Sampdoria Genua Italien 1
10%
2. Darko Pancev Roter Stern Belgrad Jugoslawien 42
7%
9. Mark Hughes Manchester United Wales 12
7%
13. Paul McGrath Aston Villa Irland 3
7%
13. Dean Saunders Derby County/FC Liverpool Wales 3
3%
8. Miodrag Belodedici Roter Stern Belgrad Rumänien 15
3%
21. Alexei Mikhailichenko Sampdoria Genua/Glasgow Rangers Sowjetunion 1
0%
13. Bruno Martini AJ Auxerre Frankreich 3
0%
21. Dimitris Saravakos Panathinaikos Athen Griechenland 1
0%
21. Gary Pallister Manchester United England 1
0%
21. Guy Hellers Standard Lüttich Luxemburg 1
0%
13. Txiki Begiristain FC Barcelona Spanien 3
0%
Keine übereinstimmenden Quizze gefunden
Verteilung der Resultate
Anzahl Personen mit jedem Resultat
Perzentil nach korrekt beantworteten Fragen
Ihre Resultats-Entwicklung
Sie haben dieses Quiz noch nicht gespielt